KOHA-Header-6

Self Assessment and Review of Biochemistry (Record no. 2228)

000 -LEADER
fixed length control field 00307nam a2200121Ia 4500
008 - FIXED-LENGTH DATA ELEMENTS--GENERAL INFORMATION
fixed length control field 190802s9999 xx 000 0 und d
020 ## - INTERNATIONAL STANDARD BOOK NUMBER
International Standard Book Number 978-93-86322-40-1
100 ## - MAIN ENTRY--PERSONAL NAME
Personal name Rebecca James
245 #0 - TITLE STATEMENT
Title Self Assessment and Review of Biochemistry
260 ## - PUBLICATION, DISTRIBUTION, ETC. (IMPRINT)
Place of publication, distribution, etc USA
Name of publisher, distributor, etc Jaypee
Date of publication, distribution, etc 2017
300 ## - PHYSICAL DESCRIPTION
Extent 455:p
942 ## - ADDED ENTRY ELEMENTS (KOHA)
Koha item type Books
Holdings
Withdrawn status Lost status Damaged status Not for loan Permanent Location Current Location Shelving location Date acquired Total Checkouts Full call number Barcode Date last seen Date checked out Price effective from Koha item type
        MAJU MAJU Shelf No.A36 2019-08-03 1 QU18.2 8851 2022-09-29 2022-09-20 2019-08-03 Bio Science

Powered by Koha